Statistics for Beginning Chemistry Quiz

Click here to take the quiz!

General Stats

  • This quiz has been taken 121 times
  • The average score is 11 of 15

Answer Stats

HintAnswer% Correct
What is the first element on the Periodic TableHydrogen
99%
What is the atomic number of Lithium3
97%
Water is a compound made up of 2 hydrogen and 1 of thisOxygen
94%
How many bonds can Carbon form4
89%
What is the most common element in the Earth's atmospereNitrogen
89%
Organic molecules contain this elementCarbon
88%
What is the boiling temperature of water in celsius100
86%
How many Carbons does heptane contain7
83%
Group 18 on the Periodic Table is called theNoble Gasses
71%
How many double bonds are in hexyne0
62%
Who discovered Radium and Polonium while studying radiationMarie Curie
61%
What is the equation for a simple sugar, GlucoseC6H12O6
55%
Group 1 on the Periodic Table is called theAlkali Metals
47%
Who discovered the nucleusErnst Rutherford
32%
What are plastics and long carbon chains examples ofPolymers
32%

Score Distribution

Percentile by Number Answered

Percent of People with Each Score

Your Score History

You have not taken this quiz